Pleasing the ghost / (Record no. 2197)

MARC details
000 -LEADER
fixed length control field 01058cam a2200313 a 4500
005 - DATE AND TIME OF LATEST TRANSACTION
control field 20231110111547.0
020 ## - INTERNATIONAL STANDARD BOOK NUMBER
International Standard Book Number 0060269855
020 ## - INTERNATIONAL STANDARD BOOK NUMBER
International Standard Book Number 0060269863 (lib. bdg.)
040 ## - CATALOGING SOURCE
Original cataloging agency DLC
Transcribing agency DLC
Modifying agency DLC
Language of cataloging eng
050 00 - LIBRARY OF CONGRESS CALL NUMBER
Classification number PZ7.C8615
Item number Pl 1996
082 00 - DEWEY DECIMAL CLASSIFICATION NUMBER
Classification number 813.54
Edition number 20
100 1# - MAIN ENTRY--PERSONAL NAME
Personal name Creech, Sharon
245 10 - TITLE STATEMENT
Title Pleasing the ghost /
Statement of responsibility, etc. by Sharon Creech ; [illustrated by Stacey Schuett].
250 ## - EDITION STATEMENT
Edition statement Revised paperback edition, 2013
260 ## - PUBLICATION, DISTRIBUTION, ETC.
Place of publication, distribution, etc. New York :
Name of publisher, distributor, etc. HarperCollins,
Date of publication, distribution, etc. 1996
300 ## - PHYSICAL DESCRIPTION
Extent 89 pages :
Other physical details illustrations
Dimensions 19 cm
505 ## - FORMATTED CONTENTS NOTE
Formatted contents note H
520 ## - SUMMARY, ETC.
Summary, etc. Nine-year-old Dennis, whose uncle and father died within a year of one another, is visited by the ghost of his uncle, and together they settle some unfinished business.
521 ## - TARGET AUDIENCE NOTE
Target audience note 520
Source Lexile
521 ## - TARGET AUDIENCE NOTE
Target audience note H
Source Raz-Plus
650 #1 - SUBJECT ADDED ENTRY--TOPICAL TERM
Topical term or geographic name entry element Ghosts
General subdivision Fiction.
650 #1 - SUBJECT ADDED ENTRY--TOPICAL TERM
Topical term or geographic name entry element Uncles
General subdivision Fiction.
650 #1 - SUBJECT ADDED ENTRY--TOPICAL TERM
Topical term or geographic name entry element Aunts
General subdivision Fiction.
650 #1 - SUBJECT ADDED ENTRY--TOPICAL TERM
Topical term or geographic name entry element Communication
General subdivision Fiction.
700 1# - ADDED ENTRY--PERSONAL NAME
Personal name Schuett, Stacey
Relator term illustrator
906 ## - LOCAL DATA ELEMENT F, LDF (RLIN)
a 7
b cbc
c orignew
d 1
e ocip
f 19
g y-gencatlg
942 ## - ADDED ENTRY ELEMENTS (KOHA)
Source of classification or shelving scheme Dewey Decimal Classification
Koha item type Books
Suppress in OPAC No
999 ## -
-- 2197
-- 2197
Holdings
Withdrawn status Lost status Source of classification or shelving scheme Damaged status Not for loan Collection Home library Current library Shelving location Date acquired Total Checkouts Full call number Barcode Date last seen Price effective from Koha item type
    Dewey Decimal Classification     Juvenile Fiction Footprints International School Library Network Toul Kork Campus Footprints International School Library Network Toul Kork Campus TK Primary Library Room(4th Floor), Bookcase 3&4, Shelves 17-32, Yellow Books 11/10/2023   CRE 813.54 PZ7.C8615 FISTK00100 11/10/2023 11/10/2023 Books